|
|
|
|
| LEADER |
00000nam0a2200000 4500 |
| 001 |
26642 |
| 005 |
20231101205737.0 |
| 010 |
|
|
|a 5801800735
|
| 035 |
|
|
|a (RuTPU)RU\TPU\book\26886
|
| 035 |
|
|
|a BOOK00026961
|
| 090 |
|
|
|a 26642
|
| 100 |
|
|
|a 20011209d2000 k y0rusy50 ca
|
| 101 |
0 |
|
|a rus
|
| 102 |
|
|
|a RU
|
| 105 |
|
|
|a y z 000zy
|
| 200 |
1 |
|
|a Монархии Персидского залива
|e Этап модернизации
|f И. А. Александров
|
| 210 |
|
|
|a Москва
|c Дело и Сервис
|d 2000
|
| 215 |
|
|
|a 544 с.
|
| 606 |
1 |
|
|a Азиатские государства
|x Внутренняя политика
|2 stltpush
|3 (RuTPU)RU\TPU\subj\1569
|9 30327
|
| 610 |
1 |
|
|a политика
|
| 610 |
1 |
|
|a Арабские страны
|
| 610 |
1 |
|
|a Персидский залив
|
| 610 |
1 |
|
|a монархии
|
| 610 |
1 |
|
|a социальная политика
|
| 610 |
1 |
|
|a экономика
|
| 610 |
1 |
|
|a государство
|
| 610 |
1 |
|
|a религия
|
| 610 |
1 |
|
|a общество
|
| 610 |
1 |
|
|a внешняя политика
|
| 610 |
1 |
|
|a нефтяная промышленность
|
| 610 |
1 |
|
|a интеграция
|
| 610 |
1 |
|
|a Арабская шестерка
|
| 686 |
|
|
|a Ф3(5)
|v LBC/SL-A
|2 rubbk
|
| 700 |
|
1 |
|a Александров
|b И. А.
|g Игорь Александрович
|
| 801 |
|
0 |
|a RU
|b 63413507
|c 20011209
|g PSBO
|
| 801 |
|
2 |
|a RU
|b 63413507
|c 20140317
|g PSBO
|
| 942 |
|
|
|c BK
|